Chippendale furniture design from the gentleman and cabinet-makers director 1762 (Record no. 5260)

MARC details
000 -CABECERA
campo de control de longitud fija 00867nam a2200241 a 4500
001 - NÚMERO DE CONTROL
campo de control BRCA_5566
005 - FECHA Y HORA DE LA ÚLTIMA TRANSACCIÓN
campo de control 20190320205132.0
008 - DATOS DE LONGITUD FIJA--INFORMACIÓN GENERAL
campo de control de longitud fija 180211s1948----enka######---#000-0#eng-#
041 ## - CÓDIGO DE LENGUA
Código de lengua del texto/banda sonora o título independiente eng
044 ## - CÓDIGO DEL PAÍS DE LA ENTIDAD EDITORA/PRODUCTORA
Código MARC del país enk
050 #4 - SIGNATURA TOPOGRÁFICA DE LA BIBLIOTECA DEL CONGRESO
Número de clasificación NK2542
Número de documento/Ítem .Ch5 1948
245 10 - MENCIÓN DE TÍTULO
Título Chippendale furniture design from the gentleman and cabinet-makers director 1762
Mención de responsabilidad, etc. with a preface and descriptive notes by R. W. Symonds.
260 ## - PUBLICACIÓN, DISTRIBUCIÓN, ETC.
Lugar de publicación, distribución, etc. Londres
Nombre del editor, distribuidor, etc. A. Tiranti
Fecha de publicación, distribución, etc. 1948
300 ## - DESCRIPCIÓN FÍSICA
Extensión 24 p.
Otras características físicas il., 80 láminas
Dimensiones 25 cm.
500 ## - NOTA GENERAL
Nota general F41
510 4# - NOTA DE CITAS O REFERENCIAS BIBLIOGRÁFICAS
Nombre de la fuente A gentleman a cabinet-maker´s director: being a large collection of the most elegant and useful design of household furniture.
Cobertura de la fuente 1762
Localización dentro de la fuente 3a. ed.
650 14 - PUNTO DE ACCESO ADICIONAL DE MATERIA--TÉRMINO DE MATERIA
Término de materia o nombre geográfico como elemento de entrada Muebles Chippendale
9 (RLIN) 14200
650 14 - PUNTO DE ACCESO ADICIONAL DE MATERIA--TÉRMINO DE MATERIA
Término de materia o nombre geográfico como elemento de entrada Muebles ingleses
9 (RLIN) 9632
700 1# - PUNTO DE ACCESO ADICIONAL--NOMBRE DE PERSONA
Nombre de persona Symonds, R. W.
Término indicativo de función/relación Pref.
9 (RLIN) 4493
700 1# - PUNTO DE ACCESO ADICIONAL--NOMBRE DE PERSONA
Nombre de persona Chippendale, Thomas
9 (RLIN) 14201
902 ## - CATALOGADOR
Iniciales GFM
942 ## - ELEMENTOS DE PUNTO DE ACCESO ADICIONAL (KOHA)
Fuente del sistema de clasificación o colocación Library of Congress Classification
Tipo de ítem Koha Libros
Holdings
Estado de retiro Estado de pérdida Estado dañado No para préstamo Localización permanente Ubicación/localización actual Fecha de adquisición Número de inventario Total de préstamos Signatura topográfica completa Código de barras Fecha visto por última vez Precio válido a partir de Tipo de ítem Koha
El ejemplar forma parte de la colección y puede ser consultado según las políticas vigentes.       Biblioteca del Museo Franz Mayer (Rogerio Casas-Alatriste) Biblioteca del Museo Franz Mayer (Rogerio Casas-Alatriste) 11/02/2011 F41   NK2542 .Ch5 1948 (F41) 6002 22/03/2019 22/03/2019 Libros